[Event "Belgorod"]
[Site "Belgorod"]
[Date "1990.??.??"]
[Round "?"]
[White "Vasiukov, Evgeni"]
[Black "Zilberman, Nathan R"]
[Result "1-0"]
[WhiteElo "2545"]
[BlackElo "2455"]

1.e4 g6 2.d4 Bg7 3.Nc3 c6 4.Bc4 d6 5.Qf3 e6 6.Nge2 b5 7.Bd3 Nd7 8.O-O Ne7
9.Qg3 e5 10.d5 cxd5 11.Nxd5 Nxd5 12.exd5 a6 13.a4 bxa4 14.Nc3 f5 15.Bxf5 gxf5
16.Qxg7 Qf6 17.Qxf6 Nxf6 18.Rxa4 f4 19.f3 Bf5 20.Rf2 Kd7 21.Bxf4 Rhc8 22.Bg5 Rxc3
23.bxc3 Nxd5 24.c4 Nb6 25.Rb4 Kc6 26.Be3 Nd7 27.c3 a5 28.Ra4 Nc5 29.Bxc5 Kxc5
30.Rfa2 Rd8 31.Kf2 Bd7 32.Rxa5+ Kxc4 33.R5a3 Rb8 34.Ra7 Bf5 35.Rd2 Rd8 36.Rc7+ Kb3
37.c4  1-0

[Event "Belgorod"]
[Site "Belgorod"]
[Date "1990.??.??"]
[Round "?"]
[White "Vasiukov, Evgeni"]
[Black "Kanstler, Boris"]
[Result "1-0"]
[WhiteElo "2545"]
[BlackElo "2430"]

1.e4 g6 2.d4 Bg7 3.Nc3 c6 4.Bc4 d6 5.Nf3 Nf6 6.e5 dxe5 7.Nxe5 O-O 8.O-O Nbd7
9.f4 Nb6 10.Bb3 Nfd5 11.Ne4 f6 12.Nf3 Kh8 13.c4 Nc7 14.Be3 Be6 15.Rc1 Bg8
16.Re1 Nc8 17.Nc3 b5 18.cxb5 cxb5 19.Bxg8 Rxg8 20.f5 gxf5 21.Nh4 b4 22.Qf3 Bf8
23.Ne2 Nd5 24.Nf4 Ncb6 25.Ne6 Qd6 26.Bd2 f4 27.Nf5 Qd7 28.Bxf4 Nxf4 29.Qxf4 Qd5
30.Qf2 Qxa2 31.Rc5 Re8 32.h3  1-0

[Event "Belgorod"]
[Site "Belgorod"]
[Date "1990.??.??"]
[Round "10"]
[White "Howell, James C"]
[Black "Kanstler, Boris"]
[Result "1/2-1/2"]
[WhiteElo "2450"]
[BlackElo "2430"]

1.e4 g6 2.d4 Bg7 3.Nc3 c6 4.Bc4 d6 5.Qf3 e6 6.Nge2 b5 7.Bb3 a5 8.a3 Ba6 9.O-O b4
10.Nb1 Qf6 11.Qe3  1/2-1/2

[Event "Bern op"]
[Site "Bern"]
[Date "1990.??.??"]
[Round "4"]
[White "Fejzullahu, Afrim"]
[Black "Gavrikov, Viktor"]
[Result "1-0"]
[WhiteElo "2305"]
[BlackElo "2580"]

1.e4 g6 2.d4 Bg7 3.Nc3 c6 4.a4 d5 5.exd5 cxd5 6.Be2 Nc6 7.Nf3 Nh6 8.O-O Nf5
9.Bb5 O-O 10.Bxc6 bxc6 11.Re1 a5 12.Ne2 Qb6 13.c3 c5 14.dxc5 Qxc5 15.Ned4 Re8
16.Bf4 Nd6 17.Ne5 Bb7 18.Qf3 Qc8 19.Ng4 Ne4 20.Nh6+ Kf8 21.Be3 f6 22.Qd1 Nd6
23.Qb3 Ra6 24.Nb5 Nc4 25.Bc1 g5 26.Qc2 Bxh6 27.Qxh7 Bg7 28.Nd4 e6 29.b3 Ne5
30.Rxe5 fxe5 31.Ba3+ Kf7 32.Nf3 Qb8 33.Nxg5+ Kf6 34.Qh5 d4 35.Nh7+  1-0

[Event "Biel op (Women)"]
[Site "Biel"]
[Date "1990.??.??"]
[Round "2"]
[White "Vuksanovic, Sanja"]
[Black "Richtrova, Eliska"]
[Result "1/2-1/2"]
[WhiteElo "2145"]
[BlackElo "2340"]

1.e4 g6 2.d4 Bg7 3.Nc3 c6 4.Be2 b5 5.a3 d6 6.Nf3 a6 7.Be3 Nf6 8.h3 O-O 9.Qd2 Nbd7
10.e5 Nd5 11.Nxd5 cxd5 12.Bh6 Nb6 13.h4 f6 14.Bxg7 Kxg7 15.h5 Rh8 16.Qf4 Bf5
17.O-O-O Nc4 18.Bxc4 bxc4 19.hxg6 Bxg6 20.exf6+ exf6 21.Rde1 Qd7 22.Nh4 Rab8
23.Nxg6 hxg6 24.Rxh8 Rxh8 25.Qf3  1/2-1/2

[Event "Biel-B"]
[Site "Biel"]
[Date "1990.??.??"]
[Round "5"]
[White "Gallagher, Joseph G"]
[Black "Spraggett, Kevin"]
[Result "1/2-1/2"]
[WhiteElo "2495"]
[BlackElo "2540"]

1.e4 g6 2.d4 Bg7 3.Nc3 c6 4.Nf3 d5 5.h3 Nh6 6.Bf4 f6 7.exd5 cxd5 8.Bxb8 Rxb8
9.Bb5+ Kf8 10.Qe2 Nf7 11.O-O e6 12.Bd3 Bh6 13.Na4 Kg7 14.c4 b6 15.Nc3 Re8
16.cxd5 exd5 17.Qc2 Bb7 18.Rae1 Ng5 19.Nxg5 Bxg5 20.Qa4 a6 21.Rxe8 Qxe8 22.Qb4 b5
23.Qd6  1/2-1/2

[Event "Biel op"]
[Site "Biel"]
[Date "1990.??.??"]
[Round "9"]
[White "Mestrovic, Zvonimir"]
[Black "Gavrikov, Viktor"]
[Result "0-1"]
[WhiteElo "2470"]
[BlackElo "2580"]

1.Nc3 g6 2.d4 Bg7 3.e4 c6 4.h4 d5 5.exd5 cxd5 6.h5 Nc6 7.Be3 Nh6 8.Qd2 Nf5
9.Nf3 Nxe3 10.Qxe3 Bg4 11.hxg6 hxg6 12.Rxh8+ Bxh8 13.Bb5 Bxf3 14.Qxf3 e6
15.O-O-O Rc8 16.Qh3 Bf6 17.f4 Qd6 18.Qe3 Kd8 19.g4 Ne7 20.Bd3 Qb6 21.Bf1 Nc6
22.Ne2 Nb4 23.c3 Nxa2+ 24.Kb1 Qb3 25.Rd3 a5 26.Qd2 a4 27.f5 g5 28.fxe6 fxe6
29.Re3 a3 30.c4 Qxc4 31.Qa5+ Kd7 32.Qb6 axb2 33.Qxb7+ Rc7 34.Qxb2 Nb4 35.Rc3 Qb5
36.Rxc7+ Kxc7 37.Ng3 Qb6 38.Ne2 Nc6  0-1

[Event "Bielsko Biala op"]
[Site "Bielsko Biala"]
[Date "1990.??.??"]
[Round "1"]
[White "Kolasinski, Marek"]
[Black "Maciejewski, Andrzej"]
[Result "0-1"]
[WhiteElo "2265"]
[BlackElo "2415"]

1.e4 g6 2.d4 c6 3.Nc3 Bg7 4.Be3 Nf6 5.Qd2 d6 6.f3 b5 7.a3 Nbd7 8.g4 Nb6 9.b3 Nfd7
10.Bh6 Bxh6 11.Qxh6 e5 12.d5 cxd5 13.Nxb5 Nf6 14.exd5 a6 15.Nc3 Nbxd5 16.Nxd5 Nxd5
17.Qd2 Qh4+ 18.Qf2 Qf6 19.O-O-O Nf4 20.Kb1 O-O 21.Bc4 d5 22.Bf1 d4 23.Bc4 Be6
24.Bxe6 Qxe6 25.Ne2 Nd5 26.f4 Ne3 27.fxe5 Nxd1 28.Rxd1 Qxe5 29.Nxd4 Rfd8
30.Kb2 Rd6 31.c3 Rf6 32.Qg2 Rc8 33.Rd2 Qe3 34.g5 Qxc3+ 35.Ka2 Rf1  0-1

[Event "Bielsko Biala op"]
[Site "Bielsko Biala"]
[Date "1990.??.??"]
[Round "7"]
[White "Grabarczyk, Bogdan"]
[Black "Maciejewski, Andrzej"]
[Result "1/2-1/2"]
[WhiteElo "2310"]
[BlackElo "2415"]

1.e4 g6 2.d4 c6 3.Nc3 Bg7 4.f4 d5 5.e5 h5 6.Be3 Nh6 7.Nf3 Bg4 8.h3 Nf5 9.Bf2 Bxf3
10.Qxf3 h4 11.Bd3 e6 12.O-O Nd7 13.Ne2 Bf8 14.b3 Be7 15.c4 Kf8 16.Kh2 a5
17.Rfc1 a4 18.c5 axb3 19.axb3 b6 20.b4 bxc5 21.bxc5 Kg7 22.Ba6 Qc7 23.Qc3 Ra7
24.Ra3 Rha8 25.Rca1 f6 26.Bd3 Rxa3 27.Rxa3 Rxa3 28.Qxa3 fxe5 29.fxe5 Bg5
30.Qa8 Nf6 31.Be1 Nxd4 32.Kg1 Qxe5 33.Qb7+ Kh6 34.Qf7 Ne4 35.Qf8+ Kh7 36.Qf7+ Kh6
37.Qf8+  1/2-1/2

[Event "Brocco op"]
[Site "Brocco"]
[Date "1990.??.??"]
[Round "8"]
[White "Keller, M."]
[Black "Josteinsson, Leifur"]
[Result "1-0"]
[WhiteElo "2230"]
[BlackElo "2230"]

1.e4 g6 2.d4 Bg7 3.Nc3 c6 4.Nf3 d6 5.Bc4 Nf6 6.Bb3 O-O 7.O-O Qc7 8.e5 Ne8
9.Bf4 d5 10.Qd2 Qa5 11.Nxd5 Qd8 12.Ne3 Nc7 13.d5 cxd5 14.Nxd5 Ne6 15.Bh6 Nc5
16.Rad1 Bd7 17.Qg5 Nc6 18.Qh4 Ne6 19.Ng5 Nxg5 20.Bxg5 Re8 21.e6 fxe6 22.Nf4 Nd4
23.Nxe6 Bxe6 24.Bxe6+ Kh8 25.Bf7 Qb6 26.Bxe8 Rxe8 27.Be3 e5 28.c3 Ne2+ 29.Kh1 Qa6
30.Rfe1 Rf8 31.Rd8 Qxa2 32.Qe7  1-0

[Event "Noviki-A"]
[Site "Budapest"]
[Date "1990.??.??"]
[Round "7"]
[White "Schmittdiel, Eckhard"]
[Black "Fauland, Alexander"]
[Result "1-0"]
[WhiteElo "2455"]
[BlackElo "2480"]

1.e4 g6 2.d4 Bg7 3.Nc3 c6 4.Nf3 d5 5.h3 Nf6 6.Bd3 dxe4 7.Nxe4 Nxe4 8.Bxe4 Bf5
9.Bxf5 Qa5+ 10.c3 Qxf5 11.Qb3 b6 12.O-O O-O 13.Re1 Qd7 14.Bf4 Na6 15.Be5 Rae8
16.Bxg7 Kxg7 17.Ne5 Qb7 18.Re3 c5 19.d5 e6 20.c4 Nb8 21.Rae1 exd5 22.cxd5 f6
23.Ng4 Rxe3 24.Qxe3 Qf7 25.Qh6+ Kh8 26.Re6 Qg7 27.Qe3 Na6 28.Re7 Rf7 29.d6 Nb8
30.Nh6  1-0

[Event "Spring op"]
[Site "Budapest"]
[Date "1990.??.??"]
[Round "8"]
[White "Tatar Kis, Szabolcs"]
[Black "Lupu, Mircea Sergiu"]
[Result "0-1"]
[WhiteElo "2205"]
[BlackElo "2440"]

1.e4 g6 2.d4 Bg7 3.Nc3 c6 4.f4 d5 5.Nf3 Bg4 6.e5 Nh6 7.Be2 e6 8.O-O Nf5 9.Qd3 h5
10.Nd1 Qb6 11.Ne3 Bf8 12.Nxf5 Bxf5 13.Qd1 c5 14.Kh1 Nc6 15.Be3 Qxb2 16.c4 dxc4
17.dxc5 Rd8 18.Qe1 c3 19.Rf2 Be7 20.Rc1 c2 21.Bc4 Qa3 22.Rfxc2 Bxc2 23.Rxc2 O-O
24.Bb3 Nb4 25.Rc4 Nd3 26.Qg3 Bxc5 27.Nd4 Bxd4 28.Bxd4 Rxd4 29.Rxd4 Qc1+  0-1

[Event "Buenos Aires op"]
[Site "Buenos Aires"]
[Date "1990.??.??"]
[Round "6"]
[White "Servat, Roberto"]
[Black "Schwanek, Carlos"]
[Result "1-0"]
[WhiteElo "2455"]
[BlackElo "2330"]

1.e4 g6 2.d4 Bg7 3.Nc3 c6 4.Nf3 d5 5.h3 Nf6 6.Bd3 dxe4 7.Nxe4 Nxe4 8.Bxe4 Nd7
9.O-O O-O 10.Re1 c5 11.c3 cxd4 12.Nxd4 Nc5 13.Bc2 Ne6 14.Nb3 Qc7 15.Qf3 a5
16.a4 Bd7 17.Be4 Bc6 18.Bxc6 bxc6 19.Nd2 Rfd8 20.Nc4 Rd5 21.Be3 Nc5 22.Red1 Rad8
23.Nxa5 Rxd1+ 24.Rxd1 Rxd1+ 25.Qxd1 Qxa5 26.b4 Qxa4 27.Qd8+ Bf8 28.bxc5 Kg7
29.Bh6+ Kxh6 30.Qxf8+ Kg5 31.Qxe7+ f6 32.Qxh7 Qd1+ 33.Kh2 Qd2 34.h4+ Kf5
35.f3 Qf2 36.Qd7+ Ke5 37.Qd4+ Qxd4 38.cxd4+ Kxd4 39.g4 Ke5 40.h5 gxh5 41.gxh5 Kf5
42.f4 Ke6 43.Kg3 f5 44.Kh4 Kf6 45.h6  1-0

[Event "JUG-chT Cetinje"]
[Site "Cetinje"]
[Date "1990.??.??"]
[Round "7"]
[White "Vospernik, Mira"]
[Black "Petrovic, Marija"]
[Result "0-1"]
[WhiteElo "2140"]
[BlackElo "2290"]

1.e4 g6 2.d4 Bg7 3.Nc3 c6 4.f4 d5 5.e5 h5 6.Nf3 Nh6 7.Bd3 Bf5 8.Ne2 e6 9.Ng3 Bxd3
10.Qxd3 h4 11.Nf1 Nd7 12.b3 Bf8 13.Ne3 Nf5 14.Bd2 c5 15.Nxf5 gxf5 16.c4 dxc4
17.Qxc4 Nb6 18.Qb5+ Qd7 19.Qxd7+ Kxd7 20.dxc5 Bxc5 21.Rc1 Rac8 22.Ke2 Nd5
23.Rhd1 b6 24.Ne1 Ba3 25.Rxc8 Rxc8 26.g3 hxg3 27.hxg3 Ke7 28.Kf3 a5 29.g4 fxg4+
30.Kxg4 Rg8+ 31.Kf3 Rg1 32.Be3 Rh1 33.Bf2 Bb4 34.Kg2 Rxe1 35.Rxe1 Bxe1 36.Bxe1 Nxf4+
37.Kf3 Nd3 38.Bc3 Kd7 39.a3 Kc6 40.Ke3 Nc5 41.b4 Na4 42.Be1 axb4 43.Bxb4 Kd5
44.Kf4 Nc5 45.Kg5 Nd7 46.Bc3 b5 47.Kf4 Nc5 48.Kg5 Ne4+  0-1

[Event "Peer Gynt"]
[Site "Gausdal"]
[Date "1990.??.??"]
[Round "2"]
[White "Reefschlaeger, Helmut"]
[Black "Yurtaev, Leonid"]
[Result "1-0"]
[WhiteElo "2370"]
[BlackElo "2515"]

1.e4 g6 2.d4 Bg7 3.Nc3 c6 4.Nf3 b5 5.a3 d6 6.Be2 a6 7.O-O Nd7 8.h3 Qc7 9.Be3 Ngf6
10.Qd2 O-O 11.Bh6 e5 12.Bxg7 Kxg7 13.Rad1 Re8 14.Nh4 a5 15.b4 axb4 16.axb4 Ra3
17.d5 Bb7 18.Bxb5 cxd5 19.Nxd5 Bxd5 20.exd5 e4 21.Bxd7 Qxd7 22.c4 Re5 23.Qb2 Ra8
24.g4 Qe7 25.f4 exf3 26.Nxf3 Re2 27.Qd4 Re4 28.Rde1 Rxd4 29.Rxe7 Rxc4 30.Ng5 Nxg4
31.Rexf7+ Kg8 32.Ne6 h5 33.hxg4 Rxg4+ 34.Kh1 Rh4+ 35.Kg2 Rg4+ 36.Kh3 Ra3+
37.R7f3 Rxf3+ 38.Rxf3 Rxb4 39.Rf8+ Kh7 40.Rd8 Rb6 41.Kh4 Rb1 42.Rxd6 Kh6
43.Kg3 Rb3+ 44.Kf4 Rb4+ 45.Ke5 h4 46.Nf4 Kh7 47.Rc6 g5 48.d6 gxf4 49.d7 Rb5+
50.Ke6  1-0

[Event "Troll Masters"]
[Site "Gausdal"]
[Date "1990.??.??"]
[Round "4"]
[White "Carlier, Bruno"]
[Black "Hoi, Carsten"]
[Result "1/2-1/2"]
[WhiteElo "2385"]
[BlackElo "2445"]

1.e4 g6 2.d4 Bg7 3.Nc3 c6 4.Nf3 d6 5.Be3 Nf6 6.a4 O-O 7.Be2 Nbd7 8.O-O e5
9.dxe5 dxe5 10.Nd2 Qe7 11.Nc4 Nc5 12.Qd6 Qxd6 13.Nxd6 Ne6 14.Rfd1 c5 15.Bc4 Nd4
16.Rac1 Rb8 17.Nxc8 Rbxc8 18.f3 h5 19.Kf2 Kh7 20.Nd5 Ng8 21.c3 Ne6 22.Ke2 Rfe8
23.Rc2 Bh6 24.Rcd2 h4 25.Bxh6 Kxh6 26.Ne3 Nf6 27.Rd6 Nf4+ 28.Kf2 Kg7 29.g3 hxg3+
30.hxg3 Nh3+ 31.Kg2 Ng5 32.Nd5 Nxd5 33.R1xd5 Rh8 34.Rxe5 Rh2+ 35.Kxh2 Nxf3+
36.Kg2 Nxe5 37.Bd5 Rc7 38.a5 Nd7 39.a6 b6 40.Bc6 Ne5 41.Bb5 Rc8 42.b3 Kf8
43.Rd5 f6  1/2-1/2

[Event "Arnold Cup"]
[Site "Gausdal"]
[Date "1990.??.??"]
[Round "5"]
[White "Winsnes, Rikard"]
[Black "Petursson, Margeir"]
[Result "1/2-1/2"]
[WhiteElo "2385"]
[BlackElo "2555"]

1.e4 g6 2.d4 Bg7 3.Nc3 c6 4.Bc4 d6 5.Qf3 e6 6.Nge2 Nd7 7.a4 Ngf6 8.a5 O-O
9.O-O d5 10.Bb3 e5 11.exd5 exd4 12.Nxd4 Ne5 13.Qd1 Nxd5 14.Nxd5 cxd5 15.Bf4 Nc6
16.Nb5 Be6 17.c3 Qf6 18.Be3 a6 19.Nc7 Rad8 20.Nxd5 Bxd5 21.Bxd5 Qf5 22.c4 Bxb2
23.Rb1 Bf6 24.Qf3 Qxf3 25.Bxf3 Bd4 26.Bxd4 Rxd4 27.Rxb7 Nxa5 28.Rb6 Nxc4
29.Rxa6 Nd2 30.Re1 Nxf3+ 31.gxf3 Rc8 32.Ra7 Rc5 33.Re4 Rg5+ 34.Kf1 Rd1+ 35.Ke2 Rgg1
36.f4 Rde1+ 37.Kf3 Rxe4 38.Kxe4 Rg2 39.f5 gxf5+ 40.Kf3 Rxh2 41.Ra5 Rh5 42.Kg3 Kg7
43.f4 Kg6 44.Ra6+ f6 45.Ra1 Rh6 46.Rb1 Kf7 47.Rb7+ Ke6 48.Rb6+ Kd5 49.Rb5+ Ke4
50.Rb4+ Ke3 51.Rb3+ Kd4 52.Rb5 Rg6+ 53.Kf3 h5 54.Rxf5 Rh6 55.Ra5 h4 56.Ra4+ Kc3
57.Kg2 h3+ 58.Kh2 Kd3 59.f5 Ke3 60.Rb4 Kf3 61.Rc4 Rh5 62.Ra4 Rxf5 63.Ra3+ Kg4
64.Rg3+ Kf4 65.Rxh3  1/2-1/2

[Event "Arnold Cup"]
[Site "Gausdal"]
[Date "1990.??.??"]
[Round "9"]
[White "Martin, Andrew D"]
[Black "Jansson, Joran"]
[Result "1-0"]
[WhiteElo "2430"]
[BlackElo "2325"]

1.d4 g6 2.e4 Bg7 3.Nc3 c6 4.f4 Qb6 5.Nf3 d5 6.exd5 Bg4 7.h3 Bxf3 8.Qxf3 Bxd4
9.Bd2 Nf6 10.Na4 Qc7 11.c3 Bb6 12.dxc6 bxc6 13.Bc4 O-O 14.Nxb6 axb6 15.O-O b5
16.Bb3 e6 17.Rae1 Nbd7 18.Be3 c5 19.a3 Nb6 20.f5 exf5 21.Bg5 Ne4 22.Rxe4 fxe4
23.Qf6 Nc4 24.Bxc4  1-0

[Event "GEO-ch (Women)"]
[Site "?"]
[Date "1990.??.??"]
[Round "11"]
[White "Arakhamia, Ketevan"]
[Black "Khugashvili, Tamara"]
[Result "1-0"]
[WhiteElo "2385"]
[BlackElo "2230"]

1.e4 c6 2.d4 g6 3.Nc3 Bg7 4.Bc4 b5 5.Bb3 b4 6.Na4 d6 7.Qf3 e6 8.Ne2 a5 9.Bf4 Na6
10.a3 Bb7 11.O-O Ne7 12.axb4 axb4 13.Qg3 d5 14.Be5 O-O 15.Bxg7 Kxg7 16.Nf4 Kh8
17.h4 Ng8 18.Nd3 Nf6 19.Qe5 Kg8 20.Ndc5 Bc8 21.Qf4 Nc7 22.e5 Nh5 23.Qg5 Qxg5
24.hxg5 Nf4 25.Rfd1 Nb5 26.Kf1 h6 27.gxh6 Kh7 28.Nb6 Rb8 29.Ncd7 Bxd7 30.Nxd7 Kxh6
31.Nxf8 Rxf8 32.Ra4 f6 33.Rxb4 fxe5 34.dxe5 g5 35.Ba4 Ng6 36.Bxb5 Rb8 37.Ra1 Nxe5
38.Re1  1-0

[Event "BL2-SW8990"]
[Site "Germany"]
[Date "1990.??.??"]
[Round "?"]
[White "Martinovic, Slobodan"]
[Black "Gutman, Lev"]
[Result "1/2-1/2"]
[WhiteElo "2440"]
[BlackElo "2475"]

1.e4 g6 2.d4 Bg7 3.Nc3 c6 4.Nf3 Nf6 5.h3 O-O 6.Be3 d5 7.Bd3 dxe4 8.Nxe4 Nxe4
9.Bxe4 Qb6 10.Qc1 e5 11.dxe5 Qb4+ 12.Nd2 Bxe5 13.c3 Qe7 14.O-O f5 15.Bf3 Be6
16.Re1 Nd7 17.Nb3 f4 18.Bd4 Qf6 19.Nc5 Nxc5 20.Bxc5 Rfe8 21.Qc2 a5 22.a4 Bf5
23.Qb3+  1/2-1/2

[Event "NRW-Liga II 8990"]
[Site "Germany"]
[Date "1990.??.??"]
[Round "?"]
[White "Cmiel, Thorsten"]
[Black "Gupta, Milon"]
[Result "1/2-1/2"]
[WhiteElo "2270"]
[BlackElo "2225"]

1.e4 g6 2.d4 Bg7 3.Nc3 c6 4.Bc4 d6 5.Qf3 e6 6.Nge2 b5 7.Bd3 b4 8.Nd1 Ba6
9.a3 Bxd3 10.Qxd3 bxa3 11.Rxa3 Ne7 12.O-O d5 13.Ndc3 O-O 14.Bf4 c5 15.dxc5 e5
16.Bg5 f6 17.Bd2 d4 18.Qc4+ Kh8 19.Nb5 Qd7 20.f4 Nbc6 21.Nd6 f5 22.c3 fxe4
23.cxd4 exd4 24.Nxe4 Rab8 25.Rb1 Qf5 26.N2g3 Qd5 27.Qxd5 Nxd5 28.Ra6 Ndb4
29.Ra4 Nd5 30.Ra6 Ndb4 31.Ra4 Nd5  1/2-1/2

[Event "BL2-N8990"]
[Site "Germany"]
[Date "1990.??.??"]
[Round "?"]
[White "Schruefer, Guenther"]
[Black "Lorenz, Sascha"]
[Result "0-1"]
[WhiteElo "2205"]
[BlackElo "2295"]

1.e4 g6 2.d4 Bg7 3.Nc3 c6 4.Be3 d5 5.Qd2 dxe4 6.Nxe4 Nd7 7.Nf3 Ngf6 8.Ng3 h5
9.Bd3 h4 10.Ne2 h3 11.gxh3 Nd5 12.h4 e5 13.Bg5 Qb6 14.c3 exd4 15.Nexd4 Nc5
16.O-O-O Nxd3+ 17.Qxd3 O-O 18.Rhg1 c5 19.Ne2 Be6 20.h5 c4 21.Qe4 Nc7 22.Ned4 Bd5
23.Qh4 Ne8 24.Be7 Bf6 25.Bxf6 Qxf6 26.Ng5 Qh8 27.Nf5 Bc6 28.h6 Qf6 29.Ng3 Kh8
30.f4 Nd6 31.Qg4 Rad8 32.Rge1 Bd7 33.Qf3 Bc6 34.Qf2 b5 35.Rd2 b4 36.cxb4 c3
37.Rc2 cxb2+ 38.Kb1 Nb5 39.Rxb2 Na3+ 40.Ka1 Rd4 41.N5e4 Rfd8 42.Nc3 Rxf4
43.Qc5 Rc4 44.Nce4 Bxe4 45.Nxe4 Nc2+ 46.Kb1 Rxc5 47.Nxf6 Nxe1 48.Re2 Rf5  0-1

[Event "BL2-SW8990"]
[Site "Germany"]
[Date "1990.??.??"]
[Round "?"]
[White "Weidemann, Joerg"]
[Black "Gutman, Lev"]
[Result "0-1"]
[WhiteElo "2300"]
[BlackElo "2475"]

1.e4 g6 2.d4 Bg7 3.Nc3 c6 4.Nf3 Nf6 5.e5 Nd5 6.Ne4 O-O 7.Bd2 d6 8.c4 Nc7
9.Bc3 d5 10.Ng3 dxc4 11.Bxc4 Nd5 12.O-O b5 13.Bb3 Na6 14.Rc1 Qb6 15.Qd3 Bg4
16.Ng5 h6 17.h3 Bc8 18.N5e4 Rd8 19.Rfd1 Be6 20.Be1 Rac8 21.Qc2 Ndb4 22.Bxb4 Nxb4
23.Qc3 Bxb3 24.Qxb3 Rxd4 25.Rxd4 Qxd4 26.Rd1 Qc4 27.Qe3 Nd5 28.Qxa7 Bxe5
29.b3 Qc2 30.Re1 Rc7 31.Qa8+ Kg7 32.Nh1 Bd4 33.Qd8 Be5 34.Ng5 hxg5 35.Rxe5 Qc1+  0-1

[Event "BL2-S8990"]
[Site "Germany"]
[Date "1990.??.??"]
[Round "?"]
[White "Pieper, Thomas"]
[Black "Braeuning, Rudolf Wilhelm"]
[Result "1/2-1/2"]
[WhiteElo "2250"]
[BlackElo "2320"]

1.e4 g6 2.d4 c6 3.Nc3 Bg7 4.Nf3 d6 5.Be2 Na6 6.O-O Nh6 7.h3 O-O 8.Be3 f6
9.Ne1 Nc7 10.Qd2 Nf7 11.f4 e5 12.Rd1 Ne6 13.fxe5 fxe5 14.d5 Nd4 15.dxc6 Nxe2+
16.Qxe2 bxc6 17.Qc4 Qe8 18.Nf3 Be6 19.Qe2 Qb8 20.b3 Qb4 21.Qd2 Rfd8 22.Ng5 Nxg5
23.Bxg5 Rd7 24.Bf6 Rf8 25.Bxg7 Rxf1+ 26.Rxf1 Kxg7 27.Rf3 Rf7 28.Rd3 Rd7 29.Kh2 c5
30.Rxd6 Rxd6 31.Qxd6 Qxc3 32.Qxe6 Kh6 33.Qe7 Qxc2 34.Qh4+ Kg7 35.Qe7+ Kh6
36.Qxe5 Qxa2 37.Qxc5 Qxb3 38.Qxa7 Qd3 39.Qe7 Qe3 40.Qh4+ Kg7 41.Qe7+ Kh6
42.Qf8+ Kg5 43.Qf3 Qd4 44.g3 Qd2+ 45.Kg1 Qc1+ 46.Kh2 Qd2+ 47.Qg2 Qe1 48.Qc2 Kf6
49.Kg2 Ke5 50.Qc5+ Ke6 51.Qc4+ Ke5 52.Qd5+ Kf6 53.Qd6+ Kf7 54.Qf4+ Ke6 55.Qg4+ Ke5
56.Qg5+ Ke6 57.Qd5+ Kf6 58.Qd4+ Ke6 59.Qd3 Ke5 60.Qb5+ Ke6 61.Qe8+ Kf6 62.Qc6+ Ke5
63.Qb5+ Ke6 64.Kf3 Qh1+ 65.Kf4 Qc1+ 66.Kg4 Qd1+ 67.Kh4 Qe1 68.Qe8+ Kf6 69.e5+ Kg7
70.Qe7+ Kg8 71.Qe6+ Kg7 72.Qf6+ Kg8 73.Qf4 Kg7 74.Qd4 Kh6 75.Qf4+ Kg7 76.Qf6+ Kh6
77.Qf4+ Kg7 78.Qd4 Kh6 79.Kg4 Qe2+ 80.Kf4 Qf1+ 81.Ke3 Qg1+  1/2-1/2

[Event "Gistrup"]
[Site "Gistrup"]
[Date "1990.??.??"]
[Round "4"]
[White "Mannion, Stephen R"]
[Black "Andreasen, Per"]
[Result "1/2-1/2"]
[WhiteElo "2315"]
[BlackElo "2245"]

1.e4 g6 2.d4 Bg7 3.Nc3 c6 4.f4 d5 5.e5 h5 6.Nf3 Nh6 7.Be3 Bg4 8.Be2 Nf5 9.Bf2 e6
10.Qd2 Nd7 11.g3 Bf8 12.h3 Bxf3 13.Bxf3 c5 14.Ne2 Qb6 15.O-O-O cxd4 16.Nxd4 Nxd4
17.Bxd4 Bc5 18.h4 Bxd4 19.Qxd4 Qxd4 20.Rxd4 Ke7 21.b3 Rhc8 22.Kb2 Rc7 23.Rhd1 Rac8
24.R1d2 Rc3 25.R4d3 R3c7 26.Rd4 Rc3 27.R4d3 R3c7 28.Rd4  1/2-1/2

[Event "SWE-ch"]
[Site "Gothenburg"]
[Date "1990.??.??"]
[Round "?"]
[White "Schneider, Lars Ake"]
[Black "Johansson, Jan"]
[Result "1/2-1/2"]
[WhiteElo "2415"]
[BlackElo "2465"]

1.e4 g6 2.d4 Bg7 3.Nc3 c6 4.f4 d5 5.e5 h5 6.Be2 Nh6 7.Be3 Qb6 8.Na4 Qa5+
9.c3 Bg4 10.Nf3 Nf5 11.Bf2 e6 12.Nc5 Qc7 13.O-O Nd7 14.Nd3 Bf8 15.Rc1 Be7
16.b3 Kf8 17.c4 Qd8 18.c5 g5 19.Rb1 Bxf3 20.Bxf3 g4 21.Be2 Rg8 22.g3 Rg6
23.Kg2 Kg7 24.Rh1 Qc7 25.h3 Rg8 26.hxg4 hxg4 27.Bxg4 Nxg3 28.Bxg3 Kf8 29.Nf2 Qa5
30.Rh3 Qxa2 31.Ra1 Qb2 32.Rxa7 Ke8 33.Qa1 Qd2 34.Ra2 Qb4 35.Ra8+ Bd8  1/2-1/2

[Event "Groningen op"]
[Site "Groningen"]
[Date "1990.??.??"]
[Round "5"]
[White "Van der Werf, Mark"]
[Black "Moskalenko, Viktor"]
[Result "1-0"]
[WhiteElo "2365"]
[BlackElo "2515"]

1.e4 g6 2.d4 Bg7 3.Nc3 c6 4.Bc4 d6 5.Qf3 e6 6.Bf4 Nd7 7.Bb3 Bxd4 8.Bxd6 Ne5
9.Bxe5 Bxe5 10.Rd1 Qc7 11.a4 Nf6 12.Nge2 O-O 13.h3 b6 14.Bc4 Bb7 15.O-O Rad8
16.Qe3 Nh5 17.Rxd8 Rxd8 18.f4 Bd6 19.Kh1 a6 20.e5 Bc5 21.Qf3 b5 22.Bd3 Be7
23.Ng3 Nxg3+ 24.Qxg3 b4 25.Ne4 c5 26.Nf6+ Bxf6 27.exf6 Qd6 28.b3 Qd4 29.f5 exf5
30.Rxf5 Qd6 31.Qxd6 Rxd6 32.Rxc5 Rxf6 33.Rc7 Bd5 34.Kg1 Rd6 35.Bc4 Bxc4 36.Rxc4 Rd2
37.Rc6 a5 38.Rc5 Kg7 39.Rxa5 Rxc2 40.Rb5 Ra2 41.Rxb4 h5 42.h4 g5 43.hxg5 Kg6
44.Rb5 h4 45.Kh2 Kh5 46.Kh3  1-0

[Event "Helsinki-ch"]
[Site "Helsinki"]
[Date "1990.??.??"]
[Round "?"]
[White "Lahtinen, Markku"]
[Black "Karner, Hillar"]
[Result "0-1"]
[WhiteElo "2225"]
[BlackElo "2360"]

1.e4 g6 2.d4 Bg7 3.Nc3 c6 4.Nf3 b5 5.Bd3 d6 6.Be3 Bb7 7.Qd2 Nd7 8.O-O a6
9.Ne2 e5 10.c3 Ngf6 11.Bh6 O-O 12.Ng3 Re8 13.Bxg7 Kxg7 14.Qg5 Kh8 15.Qh4 Kg7
16.Qg5 Re6 17.Bc2 Ng8 18.Rad1 Qxg5 19.Nxg5 Re7 20.dxe5 dxe5 21.Bb3 Ngf6 22.f3 h6
23.Nh3 Nc5 24.Bc2 a5 25.Nf2 Rd7 26.Rxd7 Nfxd7 27.Rd1 b4 28.Nd3 bxc3 29.bxc3 Ba6
30.Kf2 Rb8 31.Ke3 Bc4 32.Nxc5 Nxc5 33.Rb1 Rc8 34.a3 Kf6 35.Nh1 Ke6 36.Nf2 Rd8
37.g3 f6 38.f4 exf4+ 39.gxf4 g5 40.Rd1 gxf4+ 41.Kxf4 Rb8 42.Rd4 Ba6 43.Nd1 Ke7
44.Rd2 Bc8 45.h4 Be6 46.Rg2 Kf7 47.Ke3 Nd7 48.Rd2 Ne5 49.Kf4 Nc4 50.Rd3 Nxa3
51.Ba4 Nc4 52.Ne3 Nb2  0-1

[Event "Hessen-Thueringen (Women)"]
[Site "Hessen"]
[Date "1990.??.??"]
[Round "?"]
[White "Winter, Irene"]
[Black "Cohn, Irina"]
[Result "1/2-1/2"]
[WhiteElo "2025"]
[BlackElo "2085"]

1.e4 g6 2.d4 c6 3.Nc3 Bg7 4.Nf3 d5 5.exd5 cxd5 6.Bb5+ Bd7 7.Qe2 Nf6 8.O-O O-O
9.Bg5 e6 10.Bxd7 Nbxd7 11.Ne5 Qb6 12.Qb5 Qxb5 13.Nxb5 Nxe5 14.dxe5 Ne4 15.Be7 Rfe8
16.Bd6 Nxd6 17.Nxd6 Re7 18.Rfe1 Rd7 19.Nb5 a6 20.Nd4 Rc8 21.Rad1 Bf8 22.c3 Bc5
23.Rd3 Ba7 24.Red1 Rdc7 25.h4 Bxd4 26.Rxd4 Rc4 27.Kf1 Kf8 28.Ke2 h5 29.Ke3 Ke7
30.Rxc4 Rxc4 31.Rd4 Rc7  1/2-1/2

[Event "HUN-ch (Women)"]
[Site "?"]
[Date "1990.??.??"]
[Round "1"]
[White "Madl, Ildiko"]
[Black "Kovacs Pinter, Marta"]
[Result "1-0"]
[WhiteElo "2375"]
[BlackElo "2205"]

1.e4 g6 2.d4 Bg7 3.Nc3 c6 4.Bc4 d5 5.exd5 b5 6.Bb3 b4 7.Nce2 cxd5 8.Bd2 Qd6
9.Bf4 Qd8 10.Qd2 a5 11.a3 Na6 12.Nf3 Nf6 13.Ne5 O-O 14.axb4 Nxb4 15.c3 Ne4
16.Qe3 Bxe5 17.dxe5 Na6 18.Rd1 Bb7 19.O-O Rc8 20.c4 e6 21.Bh6 Re8 22.Ba4 Bc6
23.Bxc6 Rxc6 24.f3 Nec5 25.Nd4 Rb6 26.Bg5 Re7 27.Nb5 Qf8 28.Bxe7 Qxe7 29.Nc3 d4
30.Qxd4  1-0

[Event "HUN-ch (Women)"]
[Site "?"]
[Date "1990.??.??"]
[Round "5"]
[White "Zimmersmann, Rita"]
[Black "Ivanka Budinsky, Maria"]
[Result "0-1"]
[WhiteElo "2185"]
[BlackElo "2265"]

1.e4 g6 2.d4 Bg7 3.Nc3 c6 4.Bc4 b5 5.Bb3 d6 6.Qf3 e6 7.Nge2 Ne7 8.Bg5 O-O
9.Rd1 Nd7 10.O-O a5 11.a4 b4 12.Nb1 Ba6 13.Rfe1 h6 14.Bh4 c5 15.dxc5 dxc5
16.Nd2 Ne5 17.Qe3 Qc7 18.f4 c4 19.Ba2 Ng4 20.Qf3 Nf6 21.Nd4 Rac8 22.Nb5 Bxb5
23.axb5 Qc5+ 24.Bf2 Qxb5 25.Qe2 Qa4 26.Bxc4 Qxc2 27.Rc1 Qxb2 28.Rb1 Qc2 29.Rec1 Rxc4
30.Rxc2 Rxc2 31.Qd3 Rfc8 32.h3 Nh5 33.Be3 R2c3 34.Qe2 Ng3 35.Qb5 Rxe3 36.Nc4 Ne2+
37.Kf1 Nc3 38.Qa6 Rxe4 39.Nd6 Rxf4+ 40.Ke1 Rd8 41.Rc1 Bd4  0-1

[Event "HUN-ch (Women)"]
[Site "?"]
[Date "1990.??.??"]
[Round "6"]
[White "Forgo, Eva"]
[Black "Kovacs Pinter, Marta"]
[Result "0-1"]
[WhiteElo "2220"]
[BlackElo "2205"]

1.e4 g6 2.d4 Bg7 3.Nc3 c6 4.Bc4 d6 5.Qf3 e6 6.Nge2 Qe7 7.O-O Nd7 8.a4 a5
9.Bb3 Ngf6 10.Qd3 e5 11.f4 exd4 12.Qxd4 O-O 13.Ng3 Nc5 14.Qe3 Ng4 15.Qd2 Nxb3
16.cxb3 Qh4 17.h3 Qxg3 18.hxg4 Bxg4 19.Qe1 Qxe1 20.Rxe1 Rfe8 21.Bd2 f5 22.Kf1 Bxc3
23.bxc3 fxe4 24.Be3 h5 25.Kf2 Kf7 26.Ra2 Be6 27.Rb2 d5 28.Bd4 Re7 29.Be5 Bf5
30.Bd4 Ra6 31.Ke3 b6 32.Rd2 c5 33.Be5 Ke6 34.Red1 Rd7 35.g3 Ra8 36.Rc1 Rad8
37.Rcd1 Bg4 38.Rc1 Bf3 39.Rf1 g5 40.Rg1 Rf7 41.Rh2 Rfd7 42.Rd2 Kf5 43.Re1 h4
44.g4+ Ke6 45.Kf2 Rf7  0-1

[Event "Jajce (Women)"]
[Site "Jajce"]
[Date "1990.??.??"]
[Round "8"]
[White "Wiese Jozwiak, Malgorzata"]
[Black "Petrovic, Marija"]
[Result "1-0"]
[WhiteElo "2225"]
[BlackElo "2290"]

1.e4 g6 2.d4 Bg7 3.Nc3 c6 4.Nf3 d6 5.Be2 Nf6 6.O-O O-O 7.Re1 b5 8.e5 Ne8
9.Bf4 dxe5 10.Nxe5 Nd6 11.Bf3 Bb7 12.d5 cxd5 13.Nxd5 e6 14.Nc3 Qb6 15.Bxb7 Nxb7
16.Qf3 f6 17.Nd3 a6 18.Rad1 Nd7 19.Nd5 exd5 20.Qxd5+ Kh8 21.Qxd7 Rad8 22.Qe7 h5
23.Bc7 Qd4 24.Bxd8 Nxd8 25.Nc5 Qb4 26.Rxd8  1-0